Computing in civil engineering : (Record no. 542063)

000 -LEADER
fixed length control field 00988cam a2200193 a 4500
020 ## - INTERNATIONAL STANDARD BOOK NUMBER
International Standard Book Number 0784400261(pbk.)
082 00 - DEWEY DECIMAL CLASSIFICATION NUMBER
Classification number 624.86
Author Mark KHO
-- L-40,P-26
245 10 - TITLE STATEMENT
Title Computing in civil engineering :
Remainder of title proceedings of the First Congress held in conjunction with A/E/C Systems '94 /
Statement of responsibility, etc. sponsored by the Committee on Coordination Outside ASCE of the Technical Council on Computer Practices of the American Society of Civil Engineers, Washington, D.C., June 20-22, 1994 ; edited by Khalil Khozeimeh.
260 ## - PUBLICATION, DISTRIBUTION, ETC.
Place of publication, distribution, etc. New York, N.Y. :
Name of publisher, distributor, etc. American Society of Civil Engineers,
Date of publication, distribution, etc. c1994.
300 ## - PHYSICAL DESCRIPTION
Extent 2 v. (xxvi, 2224 p.) :
Other physical details ill. ;
Dimensions 22 cm.
500 ## - GENERAL NOTE
General note Includes bibliographical references and indexes.
526 ## - STUDY PROGRAM INFORMATION NOTE
Program name 0
Interest level 0
Reading level 0
Title point value 624_860000000000000_KHO
526 ## - STUDY PROGRAM INFORMATION NOTE
Program name 0
Interest level 0
Reading level 0
Title point value 624_860000000000000_KHO
650 #0 - SUBJECT ADDED ENTRY--TOPICAL TERM
Topical term or geographic name entry element Civil engineering
General subdivision Data processing
-- Congresses.
9 (RLIN) 37157
650 #0 - SUBJECT ADDED ENTRY--TOPICAL TERM
Topical term or geographic name entry element MCE
9 (RLIN) 379
700 1# - ADDED ENTRY--PERSONAL NAME
Personal name Khozeimeh, Khalil.
9 (RLIN) 37158
710 2# - ADDED ENTRY--CORPORATE NAME
Corporate name or jurisdiction name as entry element American Society of Civil Engineers.
9 (RLIN) 702
942 ## - ADDED ENTRY ELEMENTS (KOHA)
Source of classification or shelving scheme
Koha item type Book
Holdings
Withdrawn status Lost status Source of classification or shelving scheme Damaged status Not for loan Permanent Location Current Location Date acquired Total Checkouts Full call number Barcode Date last seen Price effective from Koha item type Public note Date last checked out
          Military College of Engineering (MCE) Military College of Engineering (MCE) 09/19/2013   624.86 KHO MCE-34768 09/19/2013 03/14/2021 Book Volume 1  
          Military College of Engineering (MCE) Military College of Engineering (MCE) 05/13/2014 4 624.86 KHO MCE-37266 02/28/2019 05/13/2014 Book   02/28/2019
© 2023 Central Library, National University of Sciences and Technology. All Rights Reserved.